000 00543nam a2200169 i 4500
001 92940
003 ES-MaACL
005 20230906181106.0
007 t|
008 050331s1967 xxu ||||1| fre d
245 0 3 _aLe Livre du roy Rambaux de Frise /
_cedited by Barbara Nelson Sargent.
260 _aChapel Hill :
_bUniversity of North Carolina,
_c1967.
300 _a94 p. :
_b1 lám. ;
_c23 cm.
700 1 _aSargent-Baur, Barbara Nelson.
_9103812
710 2 _aUniversity of North Carolina.
_97512
852 _aES-MaACL
_jC-32366
_bR.63063
999 _c92940
_d92940